Расчет водогазового эжектора для компримирования нефтяного газа; Химия нефти и газа

Bibliographische Detailangaben
Parent link:Химия нефти и газа.— 2015.— [С. 803-810]
Körperschaft: Национальный исследовательский Томский политехнический университет (ТПУ) Институт природных ресурсов (ИПР) Кафедра геологии и разработки нефтяных месторождений (ГРНМ)
Weitere Verfasser: Мельников А. В. Артём Вадимович, Шишмина Л. В. Людмила Всеволодовна, Зятиков П. Н. Павел Николаевич, Василевский М. В. Михаил Викторович
Zusammenfassung:Заглавие с экрана
В работе представлены результаты расчета водогазового эжектора для компримирования нефтяного газа концевой ступени сепарации для условий одного из месторождений Томской области.
The proposed research contain the results of calculation of liquid-gas ejector, which is used to compressoil gas from final stage of separation in conditions of one of the Tomsk region oilfields.
Sprache:Russisch
Veröffentlicht: 2015
Schlagworte:
Online-Zugang:http://www.ipc.tsc.ru/conf/9m2015/mater/Химия_нефти_и_газа-2015.pdf#page=806
Format: MixedMaterials Elektronisch Buchkapitel
KOHA link:https://koha.lib.tpu.ru/cgi-bin/koha/opac-detail.pl?biblionumber=652946

MARC

LEADER 00000naa0a2200000 4500
001 652946
005 20250903092700.0
035 |a (RuTPU)RU\TPU\network\18317 
090 |a 652946 
100 |a 20170201d2015 k||y0rusy50 ca 
101 0 |a rus 
102 |a RU 
135 |a drcn ---uucaa 
181 0 |a i  
182 0 |a b 
200 1 |a Расчет водогазового эжектора для компримирования нефтяного газа  |d Calculation of liquid-gas ejector to compress oil gas  |f А. В. Мельников [и др.] 
203 |a Текст  |c электронный 
300 |a Заглавие с экрана 
330 |a В работе представлены результаты расчета водогазового эжектора для компримирования нефтяного газа концевой ступени сепарации для условий одного из месторождений Томской области. 
330 |a The proposed research contain the results of calculation of liquid-gas ejector, which is used to compressoil gas from final stage of separation in conditions of one of the Tomsk region oilfields. 
463 1 |t Химия нефти и газа  |o материалы IX Международной конференции, 22-25 сентября 2015 г., Томск, Россия  |f Российская академия наук (РАН), Сибирское отделение (СО), Институт химии нефти (ИХН) ; отв. ред. Р. С. Мин  |v [С. 803-810]  |d 2015 
510 1 |a Calculation of liquid-gas ejector to compress oil gas  |z eng 
610 1 |a труды учёных ТПУ 
610 1 |a электронный ресурс 
610 1 |a компримирование 
610 1 |a нефтяные газы 
701 1 |a Мельников  |b А. В.  |g Артём Вадимович 
701 1 |a Шишмина  |b Л. В.  |c российский геолог  |c доцент Томского политехнического университета, кандидат химических наук  |f 1951-  |g Людмила Всеволодовна  |3 (RuTPU)RU\TPU\pers\26106  |9 11936 
701 1 |a Зятиков  |b П. Н.  |c геолог  |c профессор Томского политехнического университета, доктор технических наук  |f 1947-  |g Павел Николаевич  |3 (RuTPU)RU\TPU\pers\32729 
701 1 |a Василевский  |b М. В.  |c специалист в области экологии и безопасности жизнедеятельности  |c доцент Томского политехнического университета, кандидат технических наук  |f 1940-  |g Михаил Викторович  |3 (RuTPU)RU\TPU\pers\26189 
712 0 2 |a Национальный исследовательский Томский политехнический университет (ТПУ)  |b Институт природных ресурсов (ИПР)  |b Кафедра геологии и разработки нефтяных месторождений (ГРНМ)  |3 (RuTPU)RU\TPU\col\18657 
801 1 |a RU  |b 63413507  |c 20121114 
801 2 |a RU  |b 63413507  |c 20170206  |g RCR 
856 4 0 |u http://www.ipc.tsc.ru/conf/9m2015/mater/Химия_нефти_и_газа-2015.pdf#page=806 
942 |c CF